Water supply / (Record no. 547965)

000 -LEADER
fixed length control field 00655cam a2200205 a 4500
020 ## - INTERNATIONAL STANDARD BOOK NUMBER
International Standard Book Number 0713135131 (pbk.)
082 00 - DEWEY DECIMAL CLASSIFICATION NUMBER
Classification number 628.1
Author Mark TWO
-- L-23, P-61.
100 1# - MAIN ENTRY--PERSONAL NAME
Personal name Twort, A. C.
9 (RLIN) 6126
245 10 - TITLE STATEMENT
Title Water supply /
Statement of responsibility, etc. A.C. Twort, F.M. Law, F.W. Crowley.
250 ## - EDITION STATEMENT
Edition statement 3rd ed.
260 ## - PUBLICATION, DISTRIBUTION, ETC.
Place of publication, distribution, etc. London ;
-- Baltimore, Md., USA :
Name of publisher, distributor, etc. E. Arnold,
Date of publication, distribution, etc. 1985.
300 ## - PHYSICAL DESCRIPTION
Extent iv, 548 p., 22 p. of plates :
Other physical details ill. ;
Dimensions 23 cm.
526 ## - STUDY PROGRAM INFORMATION NOTE
Program name 0
Interest level 0
Reading level 0
Title point value 628_100000000000000_TWO
526 ## - STUDY PROGRAM INFORMATION NOTE
Program name 0
Interest level 0
Reading level 0
Title point value 628_100000000000000_TWO
650 #0 - SUBJECT ADDED ENTRY--TOPICAL TERM
Topical term or geographic name entry element MCE
9 (RLIN) 379
650 #0 - SUBJECT ADDED ENTRY--TOPICAL TERM
Topical term or geographic name entry element Water-supply engineering.
9 (RLIN) 391
700 1# - ADDED ENTRY--PERSONAL NAME
Personal name Crowley, F. W.
9 (RLIN) 6128
700 1# - ADDED ENTRY--PERSONAL NAME
Personal name Law, Frank M.
9 (RLIN) 6127
942 ## - ADDED ENTRY ELEMENTS (KOHA)
Source of classification or shelving scheme
Koha item type Book
Holdings
Withdrawn status Lost status Source of classification or shelving scheme Damaged status Not for loan Permanent Location Current Location Date acquired Total Checkouts Full call number Barcode Date last seen Price effective from Koha item type
          Military College of Engineering (MCE) Military College of Engineering (MCE) 08/13/2014   628.1 TWO MCE-25536 08/13/2014 08/13/2014 Book
          Military College of Engineering (MCE) Military College of Engineering (MCE) 08/13/2014   628.1 TWO MCE-25537 08/13/2014 08/13/2014 Book
© 2023 Central Library, National University of Sciences and Technology. All Rights Reserved.